00770nam a2200181 a 450000100100000000500170001000800410002704000250006824500550009326000530014830000440020150001380024570000280038371000460041104900090045795201050046699900170057100002781420200930031122.0110405s2003 dr acd 000 0 spa d aDO-SdBNPbspacBNPHU00aMemoria anual 2003 /ccoordinador Eleuterio Reyes. aSanto Domingo :bEditora Amigo del Hogar,c2003. a57 p. :bil., gráf., retrs. ;c30 cm. a40 años, construyendo el desarrollo del país, instituciones que fueron gestadas y apoyadas por la Asociación para el Desarrollo1 aReyes, Eleuterio9548851 aAciación para el Desarrollo 1961954886 aBNPD 0010718PDaPDbPDcCTd2011-04-05iLF1l0o p27814-10r2020-06-25w2020-06-25yLFPDZNo se presta c27306d27306